| 000 | 00628nam a22002057a 4500 | ||
|---|---|---|---|
| 999 |
_c12428 _d12428 |
||
| 003 | AR-CdUCM | ||
| 008 | 190408b ||||| |||| 00| 0 spa d | ||
| 040 |
_aMUNICIPALIDAD PROVINCIAL DEL CUSCO _cBIBLIOTECA MUNICIPAL DEL CUSCO |
||
| 082 |
_a704 / _bB23 |
||
| 100 |
_aBaralt, Blanca Z _930275 |
||
| 245 | _aEstudios de arte y de vida / | ||
| 260 |
_aParís : _bOllendorff. |
||
| 300 |
_a340 páginas ; _c19 cm. |
||
| 505 | _aContenido : Critica literaria -- Pintura -- Música -- Teatro ... | ||
| 650 |
_aMúsica _91443 |
||
| 650 |
_aTeatro _9173 |
||
| 650 |
_aArte _9561 |
||
| 942 |
_2ddc _cLIBROS |
||
| 945 |
_arah _d08/04/2019 |
||